Principios y prácticas de seguridad e higiene ocupacional aplicadas a las áreas de producción de la empresa Aceitera el Real, S.A
Presenta la determinación de los principios y prácticas más acertadas a ser aplicados en áreas de producción de la empresa. Para dar inicio al estudio se aclararon los conceptos teóricos necesarios y se presenta un diagnóstico situacional de la empresa.
| Main Author: | |
|---|---|
| Other Authors: | |
| Format: | Tesis Section = Libro |
| Language: | Undetermined Spanish |
| Published: |
Managua
UNI
2005
|
| Subjects: |
| LEADER | 01232nam a2200265Ia 4500 | ||
|---|---|---|---|
| 008 | 240830s9999 xx 000 0 und d | ||
| 040 | |a BIBLIOTECA-RUPAP Mon 658.38 S247 | ||
| 041 | |a spa | ||
| 082 | |a Mon 658.38 S247 | ||
| 100 | 1 | |a Sarria Rivas, Norman Ernesto | |
| 245 | 1 | 0 | |a Principios y prácticas de seguridad e higiene ocupacional aplicadas a las áreas de producción de la empresa Aceitera el Real, S.A |
| 260 | |a Managua |b UNI |c 2005 | ||
| 300 | |a 187 p. :il. | ||
| 500 | |a Contiene: anexos. | ||
| 502 | |a Tesis (Ingeniero Industrial)- UNI, 2005. | ||
| 520 | 3 | |a Presenta la determinación de los principios y prácticas más acertadas a ser aplicados en áreas de producción de la empresa. Para dar inicio al estudio se aclararon los conceptos teóricos necesarios y se presenta un diagnóstico situacional de la empresa. | |
| 650 | 7 | |a SEGURIDAD - HIGIENE INDUSTRIAL - ACEITERA EL REAL | |
| 650 | 7 | |b DIAGNOSTICO - ACEITERA EL REAL | |
| 650 | 7 | |c PROCESOS PRODUCTIVOS - PLANTA DE EXTRACCIÓN | |
| 650 | 7 | |d RIESGOS OCUPACIONALES E INDUSTRIALES | |
| 650 | 7 | |e MEDIDAS DE SEGURIDAD - ÁREAS DE PRODUCCIÓN | |
| 700 | 1 | |a Tutor: |b Morgan Espinoza, Ramon Alberto | |
| 942 | |c BK |2 ddc | ||
| 991 | |a TESIS | ||
| 999 | |c 17167 | ||